书目信息 |
| 题名: |
三角公式变换仪
|
|
| 作者: | 黄汉禹设计 | |
| 分册: | ||
| 出版信息: | 上海 上海教育出版社 1981 |
|
| 页数: | 1页 | |
| 开本: | 20cm | |
| 丛书名: | ||
| 单 册: | ||
| 中图分类: | O124.1 | |
| 科图分类: | ||
| 主题词: | 初等数学 | |
| 电子资源: | ||
| ISBN: | ||
| 000 | 00561nam0 2200193 450 | |
| 001 | 0729371065 | |
| 005 | 20071004081055.04 | |
| 010 | @dCNY0.30 | |
| 100 | @a20071004d1981 km y0chiy0120 ea | |
| 101 | 0 | @achi |
| 102 | @aCN@b310000 | |
| 200 | 1 | @a三角公式变换仪@Asan jiao gong shi bian huan yi@f黄汉禹设计@Fhuang han yu she ji |
| 210 | @a上海@c上海教育出版社@d1981 | |
| 215 | @a1页@d20cm | |
| 606 | 0 | @a初等数学 |
| 690 | @aO124.1@v4 | |
| 701 | 0 | @a黄汉禹设计@Ahuang han yu she ji |
| 801 | 0 | @aCN@b大连网信软件有限公司图书馆·11@c20071004 |
| 905 | @aZUCC@dO124.1@e43 | |
| 三角公式变换仪/黄汉禹设计.-上海:上海教育出版社,1981 |
| 1页;20cm |
| ISBN :CNY0.30 |
| ● |
| 相关链接 |
|
|
|
|
正题名:三角公式变换仪
索取号:O124.1/43
 
预约/预借
| 序号 | 登录号 | 条形码 | 馆藏地/架位号 | 状态 | 备注 |
| 1 | 0057933 | 202465796 | 密集书库/ [索取号:O124.1/43] | 在馆 | |
| 2 | 0057936 | 202456449 | 密集书库/ [索取号:O124.1/43] | 在馆 | |
| 3 | 0057937 | 202465787 | 密集书库/ [索取号:O124.1/43] | 在馆 |